Catálogo
 En Linea

Propuestas culturales PSOE / (Registro nro. 40405)

Detalles MARC
000 -CABECERA
campo de control de longitud fija 00508nam a2200157 a 4500
001 - NÚMERO DE CONTROL
campo de control 000040915
005 - FECHA Y HORA DE LA ÚLTIMA TRANSACCIÓN
campo de control 20201002034456.0
008 - DATOS DE LONGITUD FIJA--INFORMACIÓN GENERAL
campo de control de longitud fija 130911s19uu sp 000 0 spa d
020 ## - NÚMERO INTERNACIONAL ESTÁNDAR DEL LIBRO
Número Internacional Estándar del Libro 8474210453
040 ## - FUENTE DE LA CATALOGACIÓN
Centro catalogador/agencia de origen DO-SdBNP
Lengua de catalogación spa
Centro/agencia transcriptor BNPHU
245 00 - MENCIÓN DE TÍTULO
Título Propuestas culturales PSOE /
Mención de responsabilidad, etc. Introducción Felipe González ; edición y prólogo Rafael Ballestero.
260 ## - PUBLICACIÓN, DISTRIBUCIÓN, ETC.
Lugar de publicación, distribución, etc. Madrid :
Nombre del editor, distribuidor, etc. Mañana,
Fecha de publicación, distribución, etc. [19-?].
300 ## - DESCRIPCIÓN FÍSICA
Extensión 278 p. ;
Dimensiones 21 cm.
700 1# - PUNTO DE ACCESO ADICIONAL--NOMBRE DE PERSONA
Nombre de persona González, Felipe,
9 (RLIN) 67033
700 1# - PUNTO DE ACCESO ADICIONAL--NOMBRE DE PERSONA
Nombre de persona Ballestero, Rafael,
Término indicativo de función/relación ed.
9 (RLIN) 67347
Existencias
Estado de retiro Estado de pérdida Restricciones de uso No para préstamo Código de colección Localización permanente Ubicación/localización actual Ubicación en estantería Fecha de adquisición Número de inventario Total de préstamos Signatura topográfica completa Código de barras Fecha visto por última vez Precio válido a partir de Tipo de ítem Koha
        Monografías: Libros y Folletos General General Orden iniciada 11.09.2013 LF1   40915-10 25.06.2020 25.06.2020 No se presta

Con tecnología Koha